000
00482nam a2200181Ia 4500
008
090124s9999 xx 000 0 und d
082
_b
41615
100
_a
किनरे जयंत
245
_a
अस्त
250
_a
1
260
_b
मधुश्री प्रकाशन
_c
2002
300
_a
224
600
_a
किनरे जयंत
630
_a
अस्त
700
_a
किनरे जयंत
730
_a
अस्त
942
_c
BOOK
999
_c
107791
_d
107791